[Event "EUR-ASIA Rapid Match"]
[Site "Batumi GEO"]
[Date "2001.09.17"]
[Round "1"]
[White "Ye Jiangchuan"]
[Black "Sutovsky,E"]
[Result "1-0"]
[WhiteElo "2677"]
[BlackElo "2651"]
[EventDate "2001.09.17"]

1. e4 c5 2. Nf3 d6 3. d4 cxd4 4. Nxd4 a6 5. Nc3 e5 6. Nb3 Nf6 7. Be2 Be7 8.
O-O O-O 9. f4 b5 10. a4 Bb7 11. Bf3 Nc6 12. Kh1 Na5 13. Qe1 Nxb3 14. cxb3
b4 15. Nd5 Nxd5 16. exd5 Bf6 17. Qxb4 Rb8 18. Qc4 Re8 19. b4 Rc8 20. Qd3
Qb6 21. b5 axb5 22. Be3 Qc7 23. Qxb5 e4 24. Bg4 Rb8 25. Rfc1 Qe7 26. Bb6
Bxd5 27. a5 Ba8 28. Qe2 e3 29. Ra3 h5 30. Rxe3 Qxe3 31. Bxe3 Rxb2 32. Qxb2
Bxb2 33. Rc8 Rxc8 34. Bxc8 d5 35. h4 d4 36. Bd2 d3 37. a6 Bd4 38. Bb7 Bxb7
39. axb7 Ba7 1-0

[Event "EUR-ASIA Rapid Match"]
[Site "Batumi GEO"]
[Date "2001.09.17"]
[Round "1"]
[White "Vladimirov,E"]
[Black "Bacrot,E"]
[Result "0-1"]
[WhiteElo "2612"]
[BlackElo "2653"]
[EventDate "2001.09.17"]

1. e4 c5 2. c3 Nf6 3. e5 Nd5 4. d4 cxd4 5. Nf3 Nc6 6. cxd4 d6 7. Bc4 Nb6 8.
Bb5 dxe5 9. Nxe5 Bd7 10. Nxd7 Qxd7 11. O-O e6 12. Qg4 a6 13. Bxc6 bxc6 14.
Nc3 f5 15. Qf3 Be7 16. Qh5+ g6 17. Qh6 Bf8 18. Qh4 Bg7 19. Re1 O-O 20. Bh6
Bf6 21. Qg3 Rfe8 22. Rad1 Bxd4 23. Ne2 e5 24. Nxd4 exd4 25. Qb3+ Nd5 26.
Qc4 Rxe1+ 27. Rxe1 Re8 28. Rd1 Qe6 29. h4 Nf6 30. Qxd4 Qd5 31. f3 Re1+ 32.
Kh2 Rxd1 33. Qxf6 Qd6+ 34. Qxd6 Rxd6 35. Kg3 Re6 36. Kf2 Kf7 37. Bd2 c5 38.
Bc3 Ke7 39. Bd2 Kd6 0-1

[Event "EUR-ASIA Rapid Match"]
[Site "Batumi GEO"]
[Date "2001.09.17"]
[Round "2"]
[White "Gurevich,M"]
[Black "Kasimdzhanov,R"]
[Result "0-1"]
[WhiteElo "2633"]
[BlackElo "2704"]
[EventDate "2001.09.17"]

1. c4 c5 2. g3 Nc6 3. Bg2 g6 4. Nc3 Bg7 5. e3 e6 6. Nge2 Nge7 7. Nf4 a6 8.
Rb1 b5 9. b3 O-O 10. Bb2 bxc4 11. bxc4 Rb8 12. Ba1 Rxb1 13. Qxb1 Ne5 14. d3
d6 15. O-O Bd7 16. Qb7 Bc8 17. Qb3 Bd7 18. Rb1 Bc6 19. e4 Qd7 20. Qb6 Ra8
21. h3 Bh8 22. Rd1 Qc8 23. Qb3 Rb8 24. Qc2 Bd7 25. Nfe2 N5c6 26. Qd2 Bg7
27. Rc1 Qd8 28. Qd1 Qa5 29. Rb1 Rxb1 30. Qxb1 Qb4 31. Qc2 Nd4 32. Nxd4 cxd4
33. Qb1 Nc6 34. Qxb4 Nxb4 35. Ne2 Nxa2 36. Bxd4 Bxd4 37. Nxd4 Nb4 38. Nb3
Nxd3 39. Kf1 Ne5 40. c5 Ba4 41. Na5 Bb5+ 42. Kg1 dxc5 43. f4 Nd3 44. Bf1 c4
45. e5 Kf8 46. Kg2 Nb2 47. Kf2 c3 48. Be2 Ke7 49. Ke3 Kd8 50. Bxb5 axb5 51.
Kd4 Na4 52. Kd3 Nc5+ 53. Kxc3 Kc7 54. Kd4 Kb6 55. g4 Kxa5 0-1

[Event "EUR-ASIA Rapid Match"]
[Site "Batumi GEO"]
[Date "2001.09.17"]
[Round "2"]
[White "Sutovsky,E"]
[Black "Ye Jiangchuan"]
[Result "0-1"]
[WhiteElo "2651"]
[BlackElo "2677"]
[EventDate "2001.09.17"]

1. e4 c5 2. Nf3 e6 3. Nc3 Nc6 4. Bb5 Nge7 5. O-O Ng6 6. d4 cxd4 7. Nxd4 Be7
8. Be3 O-O 9. f4 a6 10. Bxc6 bxc6 11. Qh5 c5 12. Nb3 d6 13. Rf3 Re8 14. f5
exf5 15. exf5 Nh4 16. Rf2 Nxf5 17. Rxf5 g6 18. Rg5 Bf6 19. Bf4 c4 20. Nd5
cxb3 21. Qh4 Bxb2 22. Rf1 Be6 23. Bc1 Bxc1 24. Nf6+ Qxf6 25. Rxf6 Be3+ 26.
Kh1 bxc2 27. Rf1 Rac8 0-1

[Event "EUR-ASIA Rapid Match"]
[Site "Batumi GEO"]
[Date "2001.09.17"]
[Round "2"]
[White "Azmaiparashvili,Z"]
[Black "Adianto,U"]
[Result "1-0"]
[WhiteElo "2674"]
[BlackElo "2598"]
[EventDate "2001.09.17"]

1. d4 d5 2. c4 c6 3. Nc3 Nf6 4. Nf3 dxc4 5. a4 Bf5 6. Nh4 Bc8 7. e3 g6 8.
Bxc4 Bg7 9. Qb3 O-O 10. O-O Nbd7 11. Nf3 Nb6 12. Be2 Be6 13. Qc2 Rc8 14. e4
Bg4 15. Be3 Bxf3 16. Bxf3 Nc4 17. e5 Nd5 18. Bg5 f6 19. exf6 exf6 20. Bc1
Kh8 21. Qd3 Ncb6 22. a5 Nb4 23. Qd1 N6d5 24. Qb3 Qd7 25. Bd2 Rfd8 26. Ra4
Na6 27. Nxd5 cxd5 28. Raa1 Nb8 29. Qd3 Nc6 30. Rfe1 f5 31. Bc3 a6 32. Re2
Bf6 33. g3 Re8 34. Rae1 Rxe2 35. Rxe2 Kg7 36. h4 Nd8 37. Qe3 Rc6 38. Qe8
Qxe8 39. Rxe8 Rd6 40. Kf1 Nc6 41. Bd1 Kf7 42. Rc8 Bxd4 43. Rxc6 Rxc6 44.
Bxd4 Rc4 45. Bc3 Ke6 46. Ke2 h6 47. Kd3 g5 48. hxg5 hxg5 49. Bd2 f4 50.
gxf4 gxf4 51. b3 Rc5 52. Kd4 Rc7 53. Bxf4 Rf7 54. Be3 Rg7 55. f4 Rg1 56.
Bf3 Kd6 57. f5 Rb1 58. Bf4+ Ke7 59. Bxd5 Rd1+ 60. Kc5 Kf6 61. Be6 Rc1+ 62.
Bxc1 1-0

[Event "EUR-ASIA Rapid Match"]
[Site "Batumi GEO"]
[Date "2001.09.17"]
[Round "3"]
[White "Bacrot,E"]
[Black "Ye Jiangchuan"]
[Result "1/2-1/2"]
[WhiteElo "2653"]
[BlackElo "2677"]
[EventDate "2001.09.17"]

1. d4 Nf6 2. c4 g6 3. Nc3 Bg7 4. e4 d6 5. Nf3 O-O 6. Be2 e5 7. O-O Nc6 8.
d5 Ne7 9. b4 a5 10. Ba3 axb4 11. Bxb4 b6 12. a4 Re8 13. Nd2 c5 14. Ba3 Rf8
15. Bb2 Bd7 16. Nb5 Nc8 17. Ra3 Qe7 18. Qc2 Bh6 19. Nb3 Ne8 20. a5 f5 21.
exf5 Bxf5 22. Qd1 Nf6 23. axb6 Rxa3 24. Bxa3 Nxb6 25. Na5 Nc8 26. Nc6 Qd7
27. Bb2 Bg7 28. Qa1 Nh5 29. Rd1 Qf7 30. Bf1 Bg4 31. f3 Bxf3 32. gxf3 Qxf3
33. Bg2 Qf2+ 34. Kh1 Nf4 35. Rg1 Rf5 36. Qa8 Rf8 37. Qa1 Rf5 38. Qa8 Rf8
1/2-1/2

[Event "EUR-ASIA Rapid Match"]
[Site "Batumi GEO"]
[Date "2001.09.17"]
[Round "4"]
[White "Kasimdzhanov,R"]
[Black "Sutovsky,E"]
[Result "1/2-1/2"]
[WhiteElo "2704"]
[BlackElo "2651"]
[EventDate "2001.09.17"]

1. d4 Nf6 2. c4 g6 3. Nc3 d5 4. Nf3 Bg7 5. Qb3 dxc4 6. Qxc4 O-O 7. e4 Nc6
8. Be2 Bg4 9. d5 Na5 10. Qb4 Bxf3 11. Bxf3 c6 12. O-O Qb6 13. Qa4 Nd7 14.
Rd1 Nc5 15. Qc2 Nc4 16. Be2 Qb4 17. a3 Qb3 18. Qxb3 Nxb3 19. Rb1 Nb6 20.
Be3 cxd5 21. Nxd5 Nxd5 22. Rxd5 b6 23. f3 Rfc8 24. Bd1 Na5 25. b3 e6 26.
Rd3 Bf8 27. Ra1 Rd8 28. Rxd8 Rxd8 29. Kf2 Bxa3 30. Rxa3 Rxd1 31. b4 Nc4 32.
Rxa7 Nxe3 33. Kxe3 Rb1 34. h4 Rxb4 35. Kf4 Kg7 36. g4 Rb1 37. g5 b5 38. Rb7
b4 39. Ke5 b3 40. Kd6 Rd1+ 41. Ke7 Rd3 42. f4 Rf3 43. e5 Rxf4 44. Rxb3 Rf5
45. Re3 h6 46. gxh6+ Kxh6 47. Re4 Kh5 48. Kf8 g5 49. hxg5 Kg6 50. Ke7 Kxg5
51. Kd6 Rf4 52. Re1 Kf5 53. Ke7 Re4 54. Rh1 Ra4 55. Rh5+ Kg6 56. Rh1 Rf4
57. Rg1+ Kf5 58. Kxf7 Kxe5+ 59. Kg6 Re4 60. Kg5 Re2 61. Rg4 Re1 62. Ra4
Rg1+ 63. Kh4 Kf5 64. Kh3 e5 65. Kh2 Rg8 66. Ra1 Kf4 67. Rf1+ Ke4 68. Re1+
Kd4 1/2-1/2

[Event "EUR-ASIA Rapid Match"]
[Site "Batumi GEO"]
[Date "2001.09.17"]
[Round "4"]
[White "Ye Jiangchuan"]
[Black "Bacrot,E"]
[Result "0-1"]
[WhiteElo "2677"]
[BlackElo "2653"]
[EventDate "2001.09.17"]

1. e4 g6 2. d4 Bg7 3. Nc3 d6 4. Be3 a6 5. f4 b5 6. Nf3 Nd7 7. Bd3 Bb7 8. e5
Nh6 9. Be4 Qc8 10. Ng5 b4 11. Qf3 Rb8 12. Na4 O-O 13. O-O-O Bxe4 14. Qxe4
Qb7 15. Qxb7 Rxb7 16. h3 Nf5 17. Bf2 Bh6 18. g3 Ng7 19. h4 f6 20. exf6 Nxf6
21. Rhe1 Bxg5 22. hxg5 Ng4 23. Bg1 Nf5 24. Rd3 Kf7 25. Kd1 h6 26. gxh6
Nfxh6 27. Ke2 Nf6 28. Kf3 Nd5 29. b3 Rh8 30. c4 Nf6 31. Rdd1 Nf5 32. Bf2
Rbb8 33. Rh1 Nh6 34. Nb2 Nhg4 35. Nd3 a5 36. d5 Nh2+ 37. Kg2 Nhg4 38. Bd4
Rh5 39. Rxh5 gxh5 40. Rh1 Rg8 41. Kf3 Kg6 42. Re1 Re8 43. Bxf6 Nxf6 44. Nf2
Kf7 45. Nh3 Nh7 46. Re6 c6 47. Ke4 cxd5+ 48. cxd5 Rc8 49. Kf5 Rc5 50. Rh6
e6+ 51. Ke4 Nf6+ 52. Kf3 Kg7 53. Rxf6 Kxf6 54. dxe6 Kxe6 55. Nf2 Rc1 56.
Ne4 Ra1 57. Ng5+ Ke7 58. Ke4 Rxa2 59. Kf3 Rb2 0-1

[Event "EUR-ASIA Rapid Match"]
[Site "Batumi GEO"]
[Date "2001.09.17"]
[Round "4"]
[White "Adianto,U"]
[Black "Van Wely,L"]
[Result "1-0"]
[WhiteElo "2598"]
[BlackElo "2695"]
[EventDate "2001.09.17"]

1. d4 d5 2. c4 c6 3. Nf3 Nf6 4. Nc3 dxc4 5. a4 Bf5 6. e3 e6 7. Bxc4 Bb4 8.
O-O Nbd7 9. Qe2 O-O 10. e4 Bg6 11. Bd3 h6 12. Bf4 a6 13. h3 Re8 14. Rfd1
Rc8 15. Na2 Bf8 16. b4 a5 17. Rab1 axb4 18. Nxb4 Qa5 19. Bd2 Qa7 20. e5
Bxb4 21. Bxg6 Bxd2 22. Bxf7+ Kxf7 23. exf6 Ba5 24. Ne5+ Nxe5 25. dxe5 b6
26. Rd3 g6 27. Rbd1 Rc7 28. Qe3 Rh8 29. Rd8 Rh7 30. Qb3 c5 31. Qb5 1-0

[Event "EUR-ASIA Rapid Match"]
[Site "Batumi GEO"]
[Date "2001.09.17"]
[Round "4"]
[White "Rogers,I"]
[Black "Gurevich,M"]
[Result "1/2-1/2"]
[WhiteElo "2538"]
[BlackElo "2633"]
[EventDate "2001.09.17"]

1. e4 e6 2. d4 d5 3. Nc3 Nf6 4. e5 Nfd7 5. Nf3 c5 6. dxc5 Nc6 7. Bf4 Bxc5
8. Bd3 f6 9. exf6 Qxf6 10. Bg5 Qf7 11. Bh4 Nde5 12. Nxe5 Nxe5 13. Bb5+ Bd7
14. Qe2 Ng6 15. Bg3 O-O 16. O-O Bc6 17. Rad1 Rad8 18. Bxc6 bxc6 19. Na4 Bd6
20. c4 Nf4 21. Bxf4 Bxf4 22. Nc5 Bd6 23. b4 e5 24. cxd5 cxd5 25. g3 e4 26.
Qb5 Bc7 27. a4 h5 28. a5 h4 29. Qe2 Qf5 30. f4 hxg3 31. hxg3 Qg6 32. Qg2
Bd6 33. Rxd5 Bxf4 34. Rxd8 Be3+ 35. Kh2 Rxd8 36. Qh3 Rd2+ 37. Kh1 Bxc5 38.
Qc8+ Kh7 39. Qh3+ Qh6 40. Qxh6+ Kxh6 41. bxc5 Kg5 42. Kg1 Rc2 43. Rf7 g6
44. Rxa7 Rxc5 45. Kf2 Kg4 46. Ke3 Re5 47. a6 Ra5 48. Kxe4 Kxg3 49. Kd4 g5
50. Kc4 g4 51. Kb4 Ra1 52. Kb5 1/2-1/2

[Event "EUR-ASIA Rapid Match"]
[Site "Batumi GEO"]
[Date "2001.09.18"]
[Round "5"]
[White "Kasimdzhanov,R"]
[Black "Bacrot,E"]
[Result "1/2-1/2"]
[WhiteElo "2704"]
[BlackElo "2653"]
[EventDate "2001.09.17"]

1. d4 d5 2. c4 c6 3. Nf3 Nf6 4. Nc3 a6 5. a4 e6 6. cxd5 cxd5 7. Bg5 Nc6 8.
e3 h6 9. Bh4 Bd6 10. Bd3 O-O 11. O-O b6 12. Rc1 Bb7 13. Bb1 Be7 14. Qc2 Nb4
15. Qb3 Nc6 16. h3 Rc8 17. Rfd1 Re8 18. Qc2 Nb4 19. Qe2 Ne4 20. Bxe7 Rxe7
21. Qe1 Nxc3 22. Rxc3 Rxc3 23. Qxc3 a5 24. Rc1 Bc6 25. Ne5 Bxa4 26. Qc8
Qxc8 27. Rxc8+ Be8 28. Rb8 Kf8 29. Rxb6 Rc7 30. Nd3 Nxd3 1/2-1/2

[Event "EUR-ASIA Rapid Match"]
[Site "Batumi GEO"]
[Date "2001.09.18"]
[Round "6"]
[White "Sutovsky,E"]
[Black "Rogers,I"]
[Result "1-0"]
[WhiteElo "2651"]
[BlackElo "2538"]
[EventDate "2001.09.17"]

1. e4 c6 2. d4 d5 3. e5 Bf5 4. Nc3 e6 5. g4 Bg6 6. Nge2 c5 7. Be3 Nc6 8.
dxc5 Nxe5 9. Nf4 Nc6 10. Bb5 Nge7 11. Qe2 Qc7 12. h4 d4 13. Bxd4 Qxf4 14.
Be5 Qb4 15. O-O-O Qxc5 16. h5 Rd8 17. hxg6 Nxg6 18. Rxd8+ Kxd8 19. Rd1+ Kc8
20. Bg3 Nd4 21. Qd3 e5 22. Bc4 Be7 23. Bxf7 Bg5+ 24. Kb1 Nf4 25. Bxf4 Bxf4
26. Ne4 Qe7 27. c3 Nc6 28. Bd5 Rd8 29. Qb5 a6 30. Qa4 Qc7 31. Nc5 Rd6 32.
Qa3 Kb8 33. Qb3 Ka7 34. Be4 Rxd1+ 35. Qxd1 g6 36. Qd5 h5 37. Bxg6 hxg4 38.
Be4 1-0

[Event "EUR-ASIA Rapid Match"]
[Site "Batumi GEO"]
[Date "2001.09.18"]
[Round "7"]
[White "Van Wely,L"]
[Black "Ye Jiangchuan"]
[Result "1-0"]
[WhiteElo "2695"]
[BlackElo "2677"]
[EventDate "2001.09.17"]

1. d4 Nf6 2. c4 g6 3. Nc3 Bg7 4. e4 d6 5. Nf3 O-O 6. Be3 e5 7. dxe5 dxe5 8.
Qxd8 Rxd8 9. Nd5 Na6 10. O-O-O Bg4 11. Bg5 Rd6 12. h3 Bxf3 13. gxf3 Nxd5
14. cxd5 c6 15. dxc6 Rxc6+ 16. Kb1 Nc5 17. Be3 Rc7 18. Rc1 Rac8 19. h4 b6
20. b3 h5 21. Bc4 Kh7 22. Bd5 Bh6 23. Rc4 Ne6 24. Rd1 Kg7 25. a4 Bxe3 26.
fxe3 Kf6 27. Kb2 a5 28. Rf1 Rxc4 29. bxc4 Ke7 30. Ka3 Nc5 31. f4 Nd7 32. f5
Nf6 33. Kb3 Rg8 34. fxg6 Rxg6 35. Rf5 Rg3 36. Kc2 Rxe3 37. Kd2 Rh3 38.
Rxe5+ Kd6 39. Rf5 Nxd5 40. Rxd5+ Kc6 41. Rxh5 Ra3 42. Rf5 Rxa4 43. Kc3 Ra3+
44. Kd4 Rh3 45. Rf6+ Kc7 46. Rxf7+ Kc6 47. Rh7 a4 48. Ra7 a3 49. h5 b5 50.
Ra6+ Kd7 51. cxb5 Rh4 52. h6 Rh5 53. e5 Rh3 54. Kc5 Rc3+ 55. Kb4 Re3 56.
Rxa3 Rxe5 57. Rc3 Re8 58. Ka5 1-0

[Event "EUR-ASIA Rapid Match"]
[Site "Batumi GEO"]
[Date "2001.09.18"]
[Round "8"]
[White "Ye Jiangchuan"]
[Black "Van Wely,L"]
[Result "0-1"]
[WhiteElo "2677"]
[BlackElo "2695"]
[EventDate "2001.09.17"]

1. e4 e6 2. d4 d5 3. Nd2 dxe4 4. Nxe4 Nd7 5. Nf3 Ngf6 6. Bg5 h6 7. Nxf6+
Nxf6 8. Bh4 c5 9. Be2 Be7 10. c3 O-O 11. dxc5 Bxc5 12. Ne5 Qc7 13. Nd3 Bd6
14. Bf3 Rd8 15. Qe2 Bd7 16. a4 Qc4 17. Bxf6 gxf6 18. Nc1 Qxe2+ 19. Nxe2 Kf8
20. Kd2 Bc5 21. Kc2 Bxf2 22. Bxb7 Rab8 23. Bf3 e5 24. g4 f5 25. h3 e4 26.
Bg2 fxg4 27. Bxe4 Re8 28. Bd3 g3 29. Nf4 Bc6 30. Rhf1 a5 31. b3 Re3 32.
Rad1 Rf3 33. Ne2 g2 34. Rg1 Rxh3 35. Nd4 Ba8 36. Nf5 Bxg1 0-1

[Event "EUR-ASIA Rapid Match"]
[Site "Batumi GEO"]
[Date "2001.09.19"]
[Round "10"]
[White "Van Wely,L"]
[Black "Kasimdzhanov,R"]
[Result "0-1"]
[WhiteElo "2695"]
[BlackElo "2704"]
[EventDate "2001.09.17"]

1. d4 Nf6 2. c4 e6 3. Nc3 d5 4. cxd5 Nxd5 5. e4 Nxc3 6. bxc3 c5 7. a3 Be7
8. Nf3 O-O 9. Bd3 Nc6 10. d5 exd5 11. exd5 Bf6 12. O-O Ne7 13. Ng5 Bf5 14.
Bxf5 Nxf5 15. Ne4 Nd6 16. Nxd6 Qxd6 17. Qf3 Rfd8 18. Rd1 Qe5 19. Bb2 c4 20.
Re1 Qd6 21. a4 Rd7 22. Rad1 h6 23. Re4 Qb6 24. Qe2 Rad8 25. Rxc4 Qe6 26.
Qxe6 fxe6 27. Kf1 exd5 28. Rb4 Kf7 29. Rd3 Ke6 30. Ke2 Rc7 31. g3 b6 32. h4
Rc4 33. Re3+ Kd6 34. Ba3 Rxb4 35. Bxb4+ Kd7 36. Rd3 Re8+ 37. Kd2 Kc6 38. f3
Rd8 39. Kc2 a5 40. Ba3 Re8 41. Kd1 Rd8 42. Bc1 b5 43. axb5+ Kxb5 44. Kc2
Kc4 45. g4 Re8 46. Be3 g5 47. hxg5 hxg5 48. Kd2 Rh8 49. Bd4 Rh2+ 50. Ke3
Be7 51. Be5 Bc5+ 52. Bd4 Bd6 0-1

[Event "EUR-ASIA Rapid Match"]
[Site "Batumi GEO"]
[Date "2001.09.19"]
[Round "10"]
[White "Azmaiparashvili,Z"]
[Black "Rogers,I"]
[Result "1-0"]
[WhiteElo "2674"]
[BlackElo "2538"]
[EventDate "2001.09.17"]

1. d4 Nf6 2. c4 e6 3. Nf3 Bb4+ 4. Bd2 Qe7 5. Qc2 Bxd2+ 6. Nbxd2 d6 7. e4 e5
8. d5 O-O 9. g3 a5 10. Bg2 Na6 11. O-O Bg4 12. Nh4 Bd7 13. b3 c6 14. Rae1
Qd8 15. dxc6 bxc6 16. Nf5 Qc7 17. f4 Nb4 18. Qb1 Ng4 19. c5 Qa7 20. Rc1 Na6
21. Nxd6 Nxc5 22. Kh1 Ne6 23. f5 Nd4 24. h3 Nf6 25. Kh2 Bc8 26. Nf3 Nxf3+
27. Rxf3 Rd8 28. Rxc6 Bb7 29. Nxb7 Qxb7 30. Rfc3 h6 31. Qc2 Qd7 32. g4 Qd2
33. Qxd2 Rxd2 34. Rc2 Rad8 35. R6c5 Nxe4 36. Rxd2 Rxd2 37. Rxe5 Nc3 38.
Rxa5 Nxa2 39. Kg3 Nb4 40. Be4 Rb2 41. Ra8+ Kh7 42. f6+ g6 43. Rf8 Rxb3+ 44.
Kh4 Nd3 45. Rxf7+ Kg8 46. Rg7+ Kh8 47. Rxg6 Nf4 48. Rxh6+ Kg8 49. g5 Rxh3+
50. Kg4 1-0

[Event "EUR-ASIA Rapid Match"]
[Site "Batumi GEO"]
[Date "2001.09.19"]
[Round "11"]
[White "Lutz,C"]
[Black "Dao Thien Hai"]
[Result "1-0"]
[WhiteElo "2643"]
[BlackElo "2572"]
[EventDate "2001.09.17"]

1. e4 c5 2. Nf3 d6 3. d4 cxd4 4. Nxd4 Nf6 5. Nc3 a6 6. Be3 e6 7. f3 Qc7 8.
Qd2 b5 9. g4 Bb7 10. O-O-O Nc6 11. Kb1 b4 12. Nce2 Be7 13. Nxc6 Bxc6 14.
Nd4 Bb7 15. Qxb4 O-O 16. Qc4 Qd7 17. g5 Rfc8 18. Qd3 Ne8 19. h4 a5 20. Bh3
Ba6 21. Qd2 Qb7 22. g6 hxg6 23. h5 Rcb8 24. b3 e5 25. hxg6 exd4 26. Be6 Bf6
27. Rh8+ Kxh8 28. gxf7 Qe7 29. Rh1+ Bh4 30. f8=Q+ 1-0

[Event "EUR-ASIA Rapid Match"]
[Site "Batumi GEO"]
[Date "2001.09.19"]
[Round "12"]
[White "Dao Thien Hai"]
[Black "Lutz,C"]
[Result "1/2-1/2"]
[WhiteElo "2572"]
[BlackElo "2643"]
[EventDate "2001.09.17"]

1. d4 Nf6 2. c4 e6 3. Nc3 Bb4 4. f3 d5 5. a3 Bxc3+ 6. bxc3 c5 7. cxd5 Nxd5
8. dxc5 Qa5 9. e4 Nf6 10. Be3 O-O 11. Qb3 Na6 12. Kf2 Rd8 13. Bc4 Nxc5 14.
Qb4 Nd3+ 15. Bxd3 Qxb4 16. axb4 Rxd3 17. Ne2 a6 18. c4 e5 19. Rhd1 Rxd1 20.
Rxd1 Be6 21. c5 Kf8 22. Nc3 Rc8 23. Ke1 Nd7 24. Ra1 Nb8 25. Bf2 Nc6 26. Rb1
Rd8 27. b5 axb5 28. Nxb5 Rd7 29. Nd6 Nd8 30. g3 f6 31. Be3 Rc7 32. f4 exf4
33. gxf4 Bd7 34. Ra1 Ne6 35. Ra8+ Ke7 36. Nf5+ Kf7 37. Nd6+ Ke7 1/2-1/2

[Event "EUR-ASIA Rapid Match Women"]
[Site "Batumi GEO"]
[Date "2001.09.17"]
[Round "1"]
[White "Xie Jun"]
[Black "Gurieli,N"]
[Result "1-0"]
[WhiteElo "2553"]
[BlackElo "2347"]
[EventDate "2001.09.17"]

1. e4 e6 2. d3 d5 3. Nd2 c5 4. g3 Nc6 5. Bg2 Nf6 6. Ngf3 Be7 7. O-O O-O 8.
Re1 dxe4 9. dxe4 e5 10. c3 h6 11. Qc2 Be6 12. Nf1 c4 13. Rd1 Qa5 14. Ne3
Rad8 15. Re1 b5 16. Nf5 Bxf5 17. exf5 e4 18. Nd2 Bc5 19. Nxe4 Nxe4 20. Qxe4
Rde8 21. Qxe8 Rxe8 22. Rxe8+ Kh7 23. Bxc6 Qb6 24. Bf3 Bxf2+ 25. Kg2 Bg1 26.
Re2 a5 27. Bf4 Bc5 28. Rd1 b4 29. Re8 bxc3 30. Rdd8 g6 31. Rh8+ Kg7 32.
Be5+ f6 33. Rdg8+ 1-0

[Event "EUR-ASIA Rapid Match Women"]
[Site "Batumi GEO"]
[Date "2001.09.17"]
[Round "2"]
[White "Gurieli,N"]
[Black "Xie Jun"]
[Result "0-1"]
[WhiteElo "2347"]
[BlackElo "2553"]
[EventDate "2001.09.17"]

1. d4 Nf6 2. Nf3 g6 3. Nc3 d5 4. g3 Bg7 5. Bg2 O-O 6. O-O b6 7. Bg5 Bb7 8.
Ne5 Ne4 9. Bf4 Nd7 10. Qd3 Nxe5 11. dxe5 Nc5 12. Qd2 d4 13. Bxb7 dxc3 14.
Qxd8 Raxd8 15. Bc6 cxb2 16. Rab1 Ne6 17. Rxb2 g5 18. Be3 Bxe5 19. Rb5 Bf6
20. c4 Nd4 21. Bxd4 Rxd4 22. Rc1 Rd2 23. e4 e6 24. a4 Be7 25. Re5 h6 26.
Rb5 Bc5 27. Rf1 Rfd8 28. a5 Rc2 29. axb6 cxb6 30. Rb3 Rxc4 31. Rf3 Be7 32.
Bb7 Rd7 33. Ba6 Rxe4 34. Rc1 Bc5 35. Kg2 Rd2 36. h3 Rb4 37. Bb7 Kg7 38. Bc6
Rbb2 39. Rf1 f5 40. g4 Kf6 41. gxf5 exf5 42. Be4 Rxf2+ 0-1

[Event "EUR-ASIA Rapid Match Women"]
[Site "Batumi GEO"]
[Date "2001.09.17"]
[Round "2"]
[White "Ioseliani,N"]
[Black "Xu Yuhua"]
[Result "1-0"]
[WhiteElo "2497"]
[BlackElo "2502"]
[EventDate "2001.09.17"]

1. c4 Nf6 2. Nc3 e6 3. Nf3 c5 4. g3 Nc6 5. Bg2 Be7 6. O-O O-O 7. d4 cxd4 8.
Nxd4 Nxd4 9. Qxd4 d6 10. b3 a6 11. Bb2 Qc7 12. Rfd1 Rd8 13. Rac1 Qa5 14.
Na4 Bd7 15. Bc3 Qg5 16. Nb6 Rab8 17. Nxd7 Nxd7 18. h4 Qh6 19. Qd2 Qh5 20.
Qe3 Nc5 21. Ba1 a5 22. Rd2 h6 23. Rcd1 Rdc8 24. Qf4 b5 25. cxb5 Rxb5 26.
Rc1 Rb4 27. Qf3 Qg6 28. Rd4 d5 29. Rxb4 axb4 30. Bd4 Rc7 31. Qf4 e5 32.
Qxe5 Bd6 33. Qxd5 Ne6 34. Rxc7 Bxc7 35. Be4 Qg4 36. Be5 Bb6 37. Qa8+ Nd8
38. Bf3 Qd7 39. Qd5 Qa7 40. Kg2 Ne6 41. Qa8+ Qxa8 42. Bxa8 Nd4 43. e3 Ne2
44. Bd6 Ba5 45. Kf3 Nc3 46. a4 f6 47. e4 Kf7 48. Ke3 Ke6 49. Bf8 Kf7 50.
Bc5 g6 51. Kd3 Nb1 52. Be3 h5 53. Kc4 Nc3 54. Bc5 Nd1 55. Kb5 Bc7 56. Bd5+
Ke8 57. Kxb4 g5 58. a5 Nb2 59. Kc3 Nd1+ 60. Kc2 Nxf2 61. Bxf2 Bxa5 62. Kd3
Kd7 63. Kc4 Bc7 64. b4 Kc8 65. Kc5 Be5 66. b5 1-0

[Event "EUR-ASIA Rapid Match Women"]
[Site "Batumi GEO"]
[Date "2001.09.17"]
[Round "3"]
[White "Kovalevskaya,E"]
[Black "Xu Yuhua"]
[Result "0-1"]
[WhiteElo "2507"]
[BlackElo "2502"]
[EventDate "2001.09.17"]

1. e4 c5 2. Nc3 d6 3. f4 g6 4. Nf3 Bg7 5. Bb5+ Nd7 6. O-O a6 7. Be2 b5 8.
d4 b4 9. Nd5 Bb7 10. c3 e6 11. Ne3 Bxe4 12. Ng5 Ngf6 13. dxc5 dxc5 14. cxb4
cxb4 15. Qd6 Qb6 16. Qxb6 Nxb6 17. Nxe4 Nxe4 18. Bf3 f5 19. Nc2 Rc8 20.
Nxb4 Bd4+ 21. Kh1 Nf2+ 22. Rxf2 Bxf2 23. Bd2 Bd4 24. Bb7 Rc7 25. Bxa6 Bxb2
26. Rb1 Bc3 27. Be3 Nc4 28. Bxc4 Rxc4 29. Nd3 O-O 30. h3 Bd4 31. Bxd4 Rxd4
32. Nc5 Re8 33. Rb7 Rxf4 34. Nd7 Re7 35. Rb8+ Kg7 36. Ne5 Re4 37. Nf3 Ra4
38. Rb2 e5 39. Kg1 e4 40. Ne1 Rea7 41. Rb1 Rxa2 42. Kf1 Ra1 43. Rb5 Rc1 44.
Rb2 Raa1 45. Re2 Rxe1+ 46. Rxe1 Rxe1+ 47. Kxe1 Kf6 0-1

[Event "EUR-ASIA Rapid Match Women"]
[Site "Batumi GEO"]
[Date "2001.09.17"]
[Round "3"]
[White "Gurieli,N"]
[Black "Hoang Thanh Trang"]
[Result "0-1"]
[WhiteElo "2347"]
[BlackElo "2445"]
[EventDate "2001.09.17"]

1. Nf3 f5 2. d4 Nf6 3. c4 g6 4. Nc3 Bg7 5. g3 O-O 6. Bg2 d6 7. O-O Qe8 8.
Nd5 Nxd5 9. cxd5 Nd7 10. Qc2 Nb6 11. Qxc7 Nxd5 12. Qc4 e6 13. Ng5 b5 14.
Qb3 Bb7 15. e4 fxe4 16. Nxe4 Qd7 17. Re1 Bxd4 18. Bh6 Rf7 19. Rad1 Bb6 20.
Re2 Re8 21. Ng5 Rf5 22. Rde1 Kh8 23. g4 Re5 24. Rxe5 dxe5 25. Rxe5 Nf4 26.
Bxb7 Qxb7 27. Re4 Rc8 28. h4 Rc1+ 29. Kh2 Bc7 30. Qf3 Ne2+ 31. Kg2 Rg1+ 32.
Kh3 Rg3+ 33. fxg3 Ng1+ 34. Kg2 Nxf3 35. Kxf3 Qd5 36. Nxe6 Bxg3 37. Nf4 Bxf4
38. Kxf4 Kg8 39. b3 Qd2+ 40. Re3 Qf2+ 41. Ke5 Qxa2 42. Rf3 Qe2+ 43. Re3
Qxg4 44. Bg5 Qf5+ 45. Kd6 Qf8+ 46. Kd7 Qf7+ 0-1

[Event "EUR-ASIA Rapid Match Women"]
[Site "Batumi GEO"]
[Date "2001.09.17"]
[Round "4"]
[White "Xu Yuhua"]
[Black "Kovalevskaya,E"]
[Result "1-0"]
[WhiteElo "2502"]
[BlackElo "2507"]
[EventDate "2001.09.17"]

1. e4 c5 2. Nf3 Nc6 3. Bb5 d6 4. O-O Bd7 5. Re1 Nf6 6. c3 a6 7. Bxc6 Bxc6
8. d4 cxd4 9. cxd4 Bxe4 10. Bg5 d5 11. Nc3 e6 12. Bxf6 gxf6 13. Nxe4 dxe4
14. Rxe4 Qd5 15. Re3 Bd6 16. Qd3 Rc8 17. a3 Kf8 18. Rd1 Qc4 19. Qe4 Qc2 20.
Qxc2 Rxc2 21. b4 Ke7 22. d5 Rhc8 23. dxe6 Rc1 24. exf7+ Kxf7 25. Rde1 Rxe1+
26. Nxe1 Rc1 27. Kf1 Ra1 28. Ke2 Ra2+ 29. Kf3 Be5 30. Rb3 Bd4 31. Nd3 Ke6
32. Ke4 Bxf2 33. Nf4+ Kd6 34. Rd3+ Kc6 35. g4 Bb6 36. h3 Bc7 37. Rc3+ Kd7
38. Nd5 Be5 39. Rf3 Ke6 40. Re3 Rd2 41. Nf4+ Kd6 42. Nd3 Ra2 43. Nc5 Kc6
44. g5 a5 45. Rf3 axb4 46. axb4 Rb2 47. Nd3 Re2+ 48. Kf5 fxg5 49. Nxe5+ Kd5
50. Rd3+ 1-0

[Event "EUR-ASIA Rapid Match Women"]
[Site "Batumi GEO"]
[Date "2001.09.17"]
[Round "4"]
[White "Hoang Thanh Trang"]
[Black "Gurieli,N"]
[Result "1-0"]
[WhiteElo "2445"]
[BlackElo "2347"]
[EventDate "2001.09.17"]

1. d4 Nf6 2. c4 g6 3. Nc3 d5 4. Nf3 Bg7 5. Qb3 dxc4 6. Qxc4 O-O 7. e4 a6 8.
Bf4 b5 9. Qxc7 b4 10. Qxd8 Rxd8 11. Na4 Bb7 12. e5 Nd5 13. Bd2 Nc6 14. Nc5
Bc8 15. Rc1 Bg4 16. Nxa6 Bxf3 17. Rxc6 Be4 18. f3 Bf5 19. Be2 f6 20. e6
Rdc8 21. Rxc8+ Rxc8 22. Nc5 Bc2 23. Ba6 Ra8 24. Ke2 f5 25. Rc1 Ba4 26. Nxa4
Rxa6 27. Rc8+ Bf8 28. Nc5 Rxa2 29. Bh6 Rxb2+ 30. Ke1 1-0

[Event "EUR-ASIA Rapid Match Women"]
[Site "Batumi GEO"]
[Date "2001.09.18"]
[Round "5"]
[White "Xie Jun"]
[Black "Kovalevskaya,E"]
[Result "1-0"]
[WhiteElo "2553"]
[BlackElo "2507"]
[EventDate "2001.09.17"]

1. e4 c5 2. Nf3 Nc6 3. Nc3 e5 4. Bc4 Be7 5. d3 Nf6 6. Ng5 O-O 7. f4 exf4 8.
Bxf4 d6 9. O-O h6 10. Nf3 Be6 11. Nd5 Bxd5 12. Bxd5 Nxd5 13. exd5 Ne5 14.
d4 Ng6 15. Bg3 c4 16. b3 Rc8 17. Nd2 b5 18. bxc4 bxc4 19. c3 Bh4 20. Qf3 f5
21. Rae1 Qg5 22. Bxh4 Nxh4 23. Qf2 f4 24. Ne4 Qd8 25. Qe2 f3 26. gxf3 Qd7
27. Nd2 Rce8 28. Qf2 Rxe1 29. Qxe1 Qd8 30. Kh1 Kh8 31. Qg3 Nf5 32. Qg6 Qh4
33. Qg4 Qe7 34. Qe4 Qg5 35. Nxc4 Nh4 36. Rg1 Qf6 37. Nd2 Rf7 38. c4 Re7 39.
Qg4 Re2 40. Rd1 Rg2 41. Ne4 Rxg4 42. Nxf6 Rf4 43. Ne4 Rxf3 44. c5 Re3 45.
cxd6 Nf3 46. d7 Re2 47. d8=Q+ Kh7 48. Nf6+ gxf6 49. Qd7+ Kh8 50. Qh3 1-0